000 00737nam a2200217Ia 4500
005 20230308111354.0
008 210716s2011 xx 000 0 und d
020 _a9789355964311
040 _cAIMIT LIBRARY
041 _aeng
082 _a658.303
_23
_bRAOP
100 _aRao, P Subba.
_922732
245 _aInternational human resource management :
_cBy P Subba Rao.
_btext and cases /
250 _a3nd ed.
_bThird revised edition.
260 _aNew Delhi :
_bHimalaya Publishing House ;
_c2011.
300 _ax.405p. ;
_bPB
_c28 cm.
650 _aInternational Human Resource Management
_922733
650 _aTraining and development
_922734
650 _aCompensation and benefits
_922735
942 _2ddc
_cBK
_e3nd
_k658.303 RAOP
999 _c226936
_d226936